MARC

LEADER 00000nam a22000007a 4500
005 20190926225031.0
007 cr|||| ||||
008 190926c20149999us ar|w s|||| 0|||b1eng d
022 |a 1534-1917 
035 |a 12099 
040 |a vLex 
090 |c 9649  |d 9649 
245 0 0 |a  Wisconsin Law Journal  |h [Recurso electrn̤ico] / 
256 |a Servicio en ln̕ea 
260 |a Minneapolis:  |b BridgeTower Media Holding Company, LLC,  |c 2014 - 
300 |a 1 recurso electrn̤ico 
310 |a Anual 
506 1 |a Disponible solo en los productos indicados  |d vLex Global  |d vLex Global (Academic Edition, excluding Law Schools)  |d vLex Global (Academic Edition, Law Schools) 
650 0 4 |a Derecho Civil  |z Estados Unidos 
650 0 4 |a Derecho Mercantil y de la Empresa  |z Estados Unidos 
650 0 4 |a Derecho Laboral y Seguridad Social  |z Estados Unidos 
650 0 4 |a Derecho Penal  |z Estados Unidos 
650 0 4 |a Derecho Pb︢lico y Administrativo  |z Estados Unidos 
650 0 4 |a Derecho Constitucional  |z Estados Unidos 
740 0 |a vLex Revistas (Servicio en ln̕ea) 
856 4 0 |u http://vlex.com/source/wisconsin-law-journal-12099  |z Acceso restringido 
942 |c REV 
999 0 |a Civil Law 
999 0 |a Commercial and Business Law 
999 0 |a Labor Law and Social Security 
999 0 |a Criminal Law 
999 0 |a Public and Administrative Law 
999 0 |a Constitutional Law